000 00326nam a2200145Ia 4500
008 150301s2013 xx 000 0 und d
082 _a617.51
_bC13W
100 _aWAKODE, PT.
245 _aCLINICAL METHODS IN ENT
250 _a2ND
260 _bJAYPEE
_aDELHI
_c2013
300 _a228
650 _aENT
942 _2ddc
_cBK
_08
999 _c6620
_d6620